01358nam a2200313 a 4500001001000000003000500010005001700015008004100032010001100073011001100084040000900095090001000104100003700114245018400151260004100335500006000376502007700436590004000513590004000553650003200593650003100625856007000656901000700726942001000733942000600743999001900749952014000768952013600908000112517CHAP20220329144310.0160608s2016 mx sm |||||||spa d a108978 a109950 cCHAP aTesis1 aSimón Aguilar, Xochitl913084910aEvaluación de rendimiento en 16 variedades de frijol (Phaseolus vulgaris L.) en la comunidad de San Miguel Progreso, Tlaxiaco, Oaxacah[En línea]cpor Xochitl Simón Aguilar. aChapingo, Méx. :bEl autor,c2016. aPara ver el contenido del material haga clic en la liga aTesis (Ing. Agr. Esp. en Fitotecnia) -- UACH. Departamento de Fitotecnia aE5765TAJb05c20160608lUCH01h1133 aE5765TAJb05c20160608lUCH01h113414aFrijolxRendimiento.94342914aFrijolxVariedades.943446 aFinding aiduhttp://10.13.5.2/tesis/sist112517.pdfzTeclea aquí aBK cTESIS n0 c108978d108978 00102local4053708TESISaBCbBCcPA_TESISd2016-06-08fTESISl0oTesisp33724002522314r2019-12-31 00:00:00tc.2w2019-12-31yTESIS 00104054718TESISaBCbBCd2016-06-08fTESISl0oTesisp33724002522355r2019-12-31 00:00:00w2019-12-31yTESISzRecien adquirido